Phương pháp phân tích các chỉ tiêu môi trường
Sách cung cấp các kiến thức cho kỹ sư môi trường khả năng đánh giá chất lượng nguồn nước, khí và đất.
সংরক্ষণ করুন:
| প্রধান লেখক: | |
|---|---|
| বিন্যাস: | গ্রন্থ |
| ভাষা: | Undetermined |
| প্রকাশিত: |
Hà Nội
Khoa học và Kỹ thuật
2010
|
| বিষয়গুলি: | |
| ট্যাগগুলো: |
ট্যাগ যুক্ত করুন
কোনো ট্যাগ নেই, প্রথমজন হিসাবে ট্যাগ করুন!
|
| Thư viện lưu trữ: | Trung tâm Học liệu Trường Đại học Cần Thơ |
|---|
| LEADER | 00829nam a2200217Ia 4500 | ||
|---|---|---|---|
| 001 | CTU_159865 | ||
| 008 | 210402s9999 xx 000 0 und d | ||
| 020 | |c 33000 | ||
| 082 | |a 363.735 | ||
| 082 | |b H100 | ||
| 100 | |a Đinh, Hải Hà | ||
| 245 | 0 | |a Phương pháp phân tích các chỉ tiêu môi trường | |
| 245 | 0 | |c Đinh Hải Hà | |
| 260 | |a Hà Nội | ||
| 260 | |b Khoa học và Kỹ thuật | ||
| 260 | |c 2010 | ||
| 520 | |a Sách cung cấp các kiến thức cho kỹ sư môi trường khả năng đánh giá chất lượng nguồn nước, khí và đất. | ||
| 650 | |a Environmental pollution,Ô nhiễm môi trường | ||
| 650 | |x Control,Kiểm soát | ||
| 904 | |i Thuỳ, QHieu | ||
| 980 | |a Trung tâm Học liệu Trường Đại học Cần Thơ | ||